Norberto Bobbio y Argentina (Registro nro. 130)

Detalles MARC
000 -LEADER
fixed length control field 01140 a2200217 4500
001 - CONTROL NUMBER
control field 169
005 - DATE AND TIME OF LATEST TRANSACTION
control field 20260407155414.0
008 - FIXED-LENGTH DATA ELEMENTS--GENERAL INFORMATION
fixed length control field 260407a2006 arg spa d
003 - CONTROL NUMBER IDENTIFIER
control field AR-UNSa-BCEJYS
040 ## - CATALOGING SOURCE
Original cataloging agency AR-UNSa-BCEJYS
Language of cataloging spa
Transcribing agency AR-UNSa-BCEJYS
080 ## - UNIVERSAL DECIMAL CLASSIFICATION NUMBER
Universal Decimal Classification number 321
Common auxiliary subdivision Formas de la organización política. Los estados como poderes políticos
020 ## - INTERNATIONAL STANDARD BOOK NUMBER
International Standard Book Number 978-987-03-0957-4
100 1# - MAIN ENTRY--PERSONAL NAME
Personal name Filippi, Alberto
245 10 - TITLE STATEMENT
Title Norberto Bobbio y Argentina
Name of part/section of a work los desafíos institucionales de la democracia integral
264 #1 - PRODUCTION, PUBLICATION, DISTRIBUTION, MANUFACTURE, AND COPYRIGHT NOTICE
Place of production, publication, distribution, manufacture Buenos Aires :
Name of producer, publisher, distributor, manufacturer Universidad de Buenos Aires. Facultad de Derecho
Date of production, publication, distribution, manufacture, or copyright notice 2006
300 ## - PHYSICAL DESCRIPTION
Extent 174 p.
Dimensions 24 cm
505 ## - FORMATTED CONTENTS NOTE
Formatted contents note 1. Presentación del seminario - 2. Bobbio y nosotros - 3. Repensar a Bobbio - 4. Los destinos actuales de la democracia y le enseñanza de Bobbio - 5. Las teorías de la democracía y la fílosofía de Bobbio en Argentina - 6. Promesas incluidas en las democracias actuales
590 ## - LOCAL NOTE (RLIN)
Local note niveau_biblio:m niveau_hierar:0
856 41 - ELECTRONIC LOCATION AND ACCESS
Uniform Resource Identifier <a href="https://biblioeco.unsa.edu.ar/pmb/images/libros/Norberto Bobbio y Argentina los desafios de la democracia integral-l117417.jpg">https://biblioeco.unsa.edu.ar/pmb/images/libros/Norberto Bobbio y Argentina los desafios de la democracia integral-l117417.jpg</a>
Link text Imagen de portada
Electronic format type image/jpeg
942 ## - ADDED ENTRY ELEMENTS (KOHA)
Koha item type
Existencias
Withdrawn status Lost status Damaged status Not for loan Home library Current library Shelving location Date acquired Total checkouts Full call number Barcode Date last seen Price effective from Koha item type
        Biblioteca Prof. Eusebio Cleto del Rey Biblioteca Prof. Eusebio Cleto del Rey   07/04/2026   321 F483 L117417 07/04/2026 07/04/2026 Libro